Vykurovanie 2009 : na tému Alternatívne zdroje energie a systémy zásobovania budov teplom : zborník prednášok zo 17. medzinárodnej konferencie, Tatranské Matliare, Slovensko, 2. - 6. marca 2009 /

Uloženo v:
Podrobná bibliografie
Korporace: Slovenská spoločnosť pre techniku prostredia, SSTP (Bratislava, Slovensko) (Původce), Vykurovanie
Další autoři: Petráš, Dušan, 1956- (Editor), Švecová, Zuzana, 1970- (Editor)
Médium: Konferenční příspěvek Kniha
Jazyk:slovenština
čeština
Vydáno: Bratislava : Slovenská spoločnosť pre techniku prostredia ZSVTS, 2009
Vydání:1. vyd.
Témata:
ISBN:9788089216277
On-line přístup: Získat plný text
Tagy: Přidat tag
Žádné tagy, Buďte první, kdo vytvoří štítek k tomuto záznamu!

MARC

LEADER 00000nam a2200000 4500
003 SK-BrCVT
005 20250620062545.0
006 aado e 100 0
008 100126s2009 xo ado e 100 0slo d
020 |a 9788089216277   |q (brož.) 
035 |a CVTIDW1517838 
040 |b slo  |c CVTISR  |a CVTI SR  |e AACR2 
041 0 |a slo  |a cze 
044 |a xo  |c SK 
080 |a 697.1  |2 UDC-MRF 
080 |a 697:620.9  |2 UDC-MRF 
080 |a 621.57  |2 UDC-MRF 
080 |a 697.347  |2 UDC-MRF 
110 2 |a Slovenská spoločnosť pre techniku prostredia, SSTP (Bratislava, Slovensko)  |4 org 
245 1 0 |a Vykurovanie 2009 :  |b na tému Alternatívne zdroje energie a systémy zásobovania budov teplom : zborník prednášok zo 17. medzinárodnej konferencie, Tatranské Matliare, Slovensko, 2. - 6. marca 2009 /  |c Slovenská spoločnosť pre techniku prostredia ZSVTS ; [editori: Dušan Petráš, Zuzana Švecová] 
246 1 2 |a Alternatívne zdroje energie a systémy zásobovania budov teplom 
250 |a 1. vyd. 
260 |a Bratislava :  |b Slovenská spoločnosť pre techniku prostredia ZSVTS,  |c 2009 
300 |a 516 s., príl. :  |b fotogr., grafy, lit., obr., tab. ;  |c 30 cm 
653 1 |a energetická legislatíva  |a energetická náročnosť budov  |a certifikácia budov  |a zdroj tepla  |a kotol na biomasu  |a geotermálna energia  |a biomasa  |a tepelné čerpadlo  |a slnečná energia  |a meranie tepla  |a vykurovacia sústava  |a energetický manažment 
655 7 |2 SNKPH  |a zborníky  |9 34875 
700 1 |a Petráš, Dušan,  |d 1956-,  |4 edt 
700 1 |a Švecová, Zuzana,  |d 1970-  |4 edt 
711 2 |a Vykurovanie  |d 2. - 6. marca 2009 :  |c Tatranské Matliare, Slovensko) 
852 |a CVTISR  |b 1 
910 |b V001631  |b A622626  |b A609697  |b A609698 
919 |a 978-80-89216-27-7 
959 |a 61 
974 |a maria.Geracsekova  |f Knihy  |b CRON CRON 
992 |a AZN 
999 |c 151684  |d 151684